Trend péče o duševní zdraví zaměstnanců posiluje

Núdzový stav priniesol do oblasti duševného zdravia nové témy. Práca na diaľku, obmedzenie medziľudských kontaktov a tiež neistota z ekonomických obáv, strach zo straty práce, spôsobili podľa množstva prieskumov nárast depresií a úzkosti.

Salvato in:
Dettagli Bibliografici
Autore principale: Kazdová, Alena
Natura: Capitolo di libro
Lingua:ceco
Soggetti:
Tags: Aggiungi Tag
Nessun Tag, puoi essere il primo ad aggiungerne!!

MARC

LEADER 00000naa a2200000 4500
001 0269272
005 20201016161142.7
041 0 |a cze 
044 |a CZ 
245 1 0 |a Trend péče o duševní zdraví zaměstnanců posiluje  |c Alena Kazdová 
500 |a Téma 
520 |a Núdzový stav priniesol do oblasti duševného zdravia nové témy. Práca na diaľku, obmedzenie medziľudských kontaktov a tiež neistota z ekonomických obáv, strach zo straty práce, spôsobili podľa množstva prieskumov nárast depresií a úzkosti. 
610 2 0 |a problémy spoločenské 
610 2 0 |a firmy 
610 2 0 |a zamestnanci 
610 2 0 |a choroby duševné 
610 2 0 |a zamestnávatelia 
610 2 0 |a opatrenia 
100 1 |a Kazdová, Alena